|
|
|
|
| LEADER |
01070nam a2200241 a 4500 |
| 001 |
661976 |
| 008 |
090525s1994 si b 000 0 eng d |
| 010 |
|
|
|a \\\94181858
|
| 020 |
|
|
|a 9810214677
|
| 040 |
|
|
|a CU-S
|c CU-S
|d DLC
|
| 082 |
0 |
0 |
|a 531/.11
|2 20
|
| 100 |
1 |
|
|a Lindenbaum, Samuel D.
|
| 245 |
1 |
0 |
|a Analytical dynamics :
|b course notes /
|c Samuel D. Lindenbaum.
|
| 260 |
|
|
|a Singapore ;
|a River Edge, NJ :
|b World Scientific,
|c c1994.
|
| 300 |
|
|
|a xiv, 300 p. :
|b ill. ;
|c 23 cm.
|
| 500 |
|
|
|a "This book comprises a set of notes on a course of lectures given by the late Professor Shirley L. Quimby at Columbia University, New York City"--P. v.
|
| 504 |
|
|
|a Includes bibliographical references (p. xiii-xiv).
|
| 541 |
1 |
|
|e 00014631
|
| 650 |
|
0 |
|a Dynamics.
|
| 700 |
1 |
|
|a Quimby, Shirley L.
|
| 852 |
4 |
|
|a Ayesha Abed Library
|j General shelf
|
| 999 |
|
|
|c 1051
|d 1051
|
| 952 |
|
|
|0 0
|1 0
|2 ddc
|4 0
|6 531_110000000000000_LIN_1994
|7 0
|9 955
|a BRACUL
|b BRACUL
|c GEN
|d 2009-06-24
|g 0.00
|l 1
|m 1
|o 531.11 LIN
|p 3010014631
|r 2023-06-21
|s 2023-06-08
|t 1
|w 2009-06-24
|y BK
|x No price found in the accession register.
|